|
|
|
|
| LEADER |
00675cam a2200193 a 4500 |
| 001 |
0000091582 |
| 005 |
20090421090000.0 |
| 040 |
|
|
|a mod
|
| 041 |
|
|
|a eng
|
| 020 |
0 |
0 |
|a 9812180621
|
| 090 |
0 |
0 |
|a 959.510321
|b COO
|e 2001
|
| 100 |
1 |
0 |
|a Cooper
|h Bryan C
|
| 245 |
1 |
0 |
|a Decade of change
|b Malaya and the Straits Settlements, 1936-1945
|c Bryan C. Cooper
|
| 260 |
0 |
0 |
|a Singapore
|b Graham Brash
|c 2001
|
| 300 |
0 |
0 |
|a xxxviii, 623 p.
|b ill., maps
|c 21 cm
|
| 650 |
0 |
0 |
|a Straits Settlements
|x History
|y 20th century
|
| 651 |
0 |
0 |
|a Malaya
|x History
|y 20th century
|
| 949 |
0 |
0 |
|a Includes bibliographical references
|
| 999 |
|
|
|a 1000003902
|b Maktab Pertahanan Angkatan Tentera
|d BOOKS
|e Umum
|f MPAT
|j AVAILABLE
|q GOOD CONDITION
|